2017/18 Premier League first XI - Statistics

General Stats
  • This quiz has been taken 3 times
  • The average score is 54 of 220
Answer Stats
Answer % Correct
David Luiz
100%
David Silva
100%
Ederson
100%
Gabriel Jesus
100%
Joël Matip
100%
Mohamed Salah
100%
Petr Čech
100%
Roberto Firmino
100%
Sadio Mané
100%
Alberto Moreno
67%
Alexandre Lacazette
67%
Antonio Valencia
67%
Ben Davies
67%
Christian Benteke
67%
Christian Eriksen
67%
David de Gea
67%
Dele Alli
67%
Erik Pieters
67%
Fernandinho
67%
Gary Cahill
67%
Georginio Wijnaldum
67%
Granit Xhaka
67%
Harry Kane
67%
Harry Maguire
67%
Henrikh Mkhitaryan
67%
Hugo Lloris
67%
Jamie Vardy
67%
Jan Vertonghen
67%
John Stones
67%
Jordan Henderson
67%
Jordan Pickford
67%
Juan Mata
67%
Kasper Schmeichel
67%
Kevin De Bruyne
67%
Leroy Fer
67%
Michael Keane
67%
Mousa Dembélé
67%
Nemanja Matić
67%
Paul Pogba
67%
Riyad Mahrez
67%
Romelu Lukaku
67%
Simon Mignolet
67%
Thibaut Courtois
67%
Toby Alderweireld
67%
Tommy Smith
67%
Trent Alexander-Arnold
67%
Vincent Kompany
67%
Wayne Rooney
67%
Wes Morgan
67%
Alex Oxlade-Chamberlain
33%
André Ayew
33%
Antonio Rüdiger
33%
Ashley Williams
33%
Asmir Begović
33%
Cesc Fàbregas
33%
Christian Fuchs
33%
Daley Blind
33%
Dejan Lovren
33%
Dominic Calvert-Lewin
33%
Dušan Tadić
33%
Eric Bailly
33%
Héctor Bellerín
33%
Idrissa Gueye
33%
Isaiah Brown
33%
Jaïro Riedewald
33%
Javier Hernández
33%
Joe Allen
33%
Joe Hart
33%
Joel Ward
33%
Jonas Lössl
33%
Jordan Ayew
33%
Joshua King
33%
Kyle Walker
33%
Lewis Dunk
33%
Łukasz Fabiański
33%
Marc Albrighton
33%
Marcos Alonso
33%
Mark Noble
33%
Mat Ryan
33%
Matt Phillips
33%
Mesut Özil
33%
Michy Batshuayi
33%
Mohamed Elneny
33%
Morgan Schneiderlin
33%
Moussa Sissoko
33%
Nathan Aké
33%
N'Golo Kanté
33%
Nicolás Otamendi
33%
Pablo Zabaleta
33%
Pascal Groß
33%
Phil Jones
33%
Sandro Ramírez
33%
Sead Kolašinac
33%
Sergio Agüero
33%
Shinji Okazaki
33%
Stephen Ward
33%
Steve Mounié
33%
Steven Davis
33%
Steven Defour
33%
Tom Carroll
33%
Tom Cleverley
33%
Wayne Hennessey
33%
Wilfred Ndidi
33%
Wilfried Zaha
33%
Xherdan Shaqiri
33%
Aaron Mooy
0%
Abdoulaye Doucouré
0%
Ahmed Hegazi
0%
Alfie Mawson
0%
Allan Nyom
0%
Andrew Surman
0%
Angelo Ogbonna
0%
Arthur Masuaku
0%
Ayoze Pérez
0%
Ben Foster
0%
Benik Afobe
0%
Ben Mee
0%
Bojan
0%
Bruno Saltor
0%
Cédric Soares
0%
César Azpilicueta
0%
Charlie Daniels
0%
Chris Brunt
0%
Chris Löwe
0%
Christian Atsu
0%
Christopher Schindler
0%
Ciaran Clark
0%
Claudio Yacob
0%
Craig Dawson
0%
Dale Stephens
0%
Danilo
0%
Danny Simpson
0%
Danny Welbeck
0%
Darren Fletcher
0%
Daryl Janmaat
0%
Davy Klaassen
0%
Davy Pröpper
0%
Dwight Gayle
0%
Edimilson Fernandes
0%
Elias Kachunga
0%
Emre Can
0%
Eric Dier
0%
Federico Fernández
0%
Florian Lejeune
0%
Fraser Forster
0%
Geoff Cameron
0%
Harry Arter
0%
Heurelho Gomes
0%
Isaac Hayden
0%
Jack Butland
0%
Jack Cork
0%
Jack Stephens
0%
Jake Livermore
0%
James McClean
0%
James Tarkowski
0%
James Ward-Prowse
0%
Jason Puncheon
0%
Javier Manquillo
0%
Jay Rodriguez
0%
Jeff Hendrick
0%
Jeremie Boga
0%
Jóhann Guðmundsson
0%
Jonjo Shelvey
0%
José Holebas
0%
Kasey Palmer
0%
Kurt Zouma
0%
Kyle Naughton
0%
Kyle Walker-Peters
0%
Leighton Baines
0%
Leon Britton
0%
Luka Milivojević
0%
Mame Diouf
0%
Manolo Gabbiadini
0%
Marc Pugh
0%
Marcus Rashford
0%
Marko Arnautović
0%
Markus Suttner
0%
Martin Olsson
0%
Mathias Jørgensen
0%
Matt Lowton
0%
Matt Ritchie
0%
Matty James
0%
Maya Yoshida
0%
Miguel Britos
0%
Nacho Monreal
0%
Nathaniel Chalobah
0%
Nathan Redmond
0%
Nordin Amrabat
0%
Oriol Romeu
0%
Patrick van Aanholt
0%
Paul Dummett
0%
Pedro Obiang
0%
Philip Billing
0%
Phil Jagielka
0%
Robbie Brady
0%
Robert Elliot
0%
Roberto Pereyra
0%
Rob Holding
0%
Ruben Loftus-Cheek
0%
Ryan Bertrand
0%
Ryan Fraser
0%
Ryan Shawcross
0%
Saido Berahino
0%
Sam Field
0%
Sam Vokes
0%
Scott Dann
0%
Shane Duffy
0%
Simon Francis
0%
Solly March
0%
Stefano Okaka
0%
Steve Cook
0%
Tammy Abraham
0%
Timothy Fosu-Mensah
0%
Tomer Hemed
0%
Tom Heaton
0%
Tom Ince
0%
Wayne Routledge
0%
Willian
0%
Winston Reid
0%
Younes Kaboul
0%
No matching quizzes found
Score Distribution
Percent of People with Each Score
Percentile by Number Answered
Your Score History
You have not taken this quiz